Lucha por la independencia económica /

Zapisane w:
Opis bibliograficzny
1. autor: Egórov, Igor
Format: Texto
Etykiety: Dodaj etykietę
Nie ma etykietki, Dołącz pierwszą etykiete!

MARC

LEADER 00000 a a2200000 04500
001 3156
003
040
100 |a Egórov, Igor  
245 |a Lucha por la independencia económica /  |c Igor Egórov 
773 |g número 2; páginas 181-196  
999 |c 35324  |d 35324